00710nam a2200181 i 450000100060000000300090000600500170001500700030003200800410003510000540007624501220013026000470025230000210029965000370032085200320035799900170038995201220040674428ES-MaACL20250816063131.0t|040920s1973 sp ||||1| spa d1 aGonzález Martín, Marcelo, d1918-2004914060110aCarta pastoral b: un seminario nuevo y libre : ¿más sacerdotes o más seglares? / cMarcelo González Martín. aToledo : b[s.n., c1973] (fImp. Serrano) a95 p. ; c21 cm.04aSacerdotes-xEducación.916960 aES-MaACLjC-55120 bR.88031 c74428d74428 00104070aATENEOMbATENEOMcDEPO2d2008-01-17eSCl0oC-55120p1077911r2023-02-23 00:00:00w2023-02-23yMONOGRAFIA